| 000 | 00405cam a2200157ua 4500 | ||
|---|---|---|---|
| 020 | _cRs.1.25 | ||
| 041 |
_amal _h |
||
| 082 |
_a894.812301 _bANN/VI |
||
| 100 | _aAnnie , Thayill . | ||
| 245 |
_aVimanathilninnoru Kathu / _cAnnie Thayill. _hTextual Documents |
||
| 260 |
_aKottayam : _bNational Book Stall , _c1962. |
||
| 300 | _a ; . | ||
| 365 | _aRs.1.25 | ||
| 504 | _a | ||
| 999 |
_c12006 _d12006 |
||